Estrategia empresarial (Registro nro. 170058)
[ vista simple ]
| 000 -LEADER | |
|---|---|
| fixed length control field | 02931nam a22002537a 4500 |
| 007 - PHYSICAL DESCRIPTION FIXED FIELD--GENERAL INFORMATION | |
| fixed length control field | cr|||| |||| |
| 008 - FIXED-LENGTH DATA ELEMENTS--GENERAL INFORMATION | |
| fixed length control field | 210618s2019 co |||||s|||| 00||0 spa d |
| 020 ## - INTERNATIONAL STANDARD BOOK NUMBER | |
| International Standard Book Number | 978-958-792-102-1 |
| 035 ## - | |
| -- | 33442 |
| 040 ## - CATALOGING SOURCE | |
| Original cataloging agency | vLex |
| 090 ## - | |
| -- | 11822 |
| -- | 11822 |
| 100 1# - MAIN ENTRY--PERSONAL NAME | |
| Personal name | Rodero, José Antonio |
| 245 10 - TITLE STATEMENT | |
| Title | Estrategia empresarial |
| Medium | [Recurso electrónico] : |
| Remainder of title | Del diagnóstico a la implantación / |
| Statement of responsibility, etc | José Antonio Rodero |
| 256 ## - | |
| -- | Servicio en línea |
| 260 ## - PUBLICATION, DISTRIBUTION, ETC. (IMPRINT) | |
| Place of publication, distribution, etc | Bogotá: |
| Name of publisher, distributor, etc | Ediciones de la U, |
| Date of publication, distribution, etc | 2019 |
| 300 ## - PHYSICAL DESCRIPTION | |
| Extent | 1 recurso electrónico |
| 500 ## - GENERAL NOTE | |
| General note | La evolución tecnológica, los cambios de paradigma en las industrias clásicas, como la automoción o la alimentación, la globalización de la economía y las nuevas formas de vivir, pensar y consumir, son solo algunos de los factores que están dinamizando de forma importante el ecosistema empresarial. En un contexto así, una buena estrategia empresarial es un factor crítico para cualquier compañía. La definición estratégica marcará el rumbo a seguir, los objetivos a largo plazo y cómo lograr esas metas. Este libro permitirá al lector hacer una aproximación en profundidad a esta disciplina, ya que aborda de forma rigurosa todos los conceptos vinculados a la estrategia, haciendo énfasis en la parte práctica, en cómo aplicar todas esas nociones a las empresas que dirigimos. Nos basaremos en el proceso estratégico real, siguiendo las tres fases que lo componen: El análisis estratégico, incluyendo tanto el diagnóstico interno, que nos ayudará a ser conscientes de la situación de partida de la propia empresa, como el diagnóstico externo, que incluirá el sector y otros factores fuera de este. La definición de la estrategia propiamente dicha, a partir de las conclusiones del análisis previo. Presentaremos diferentes herramientas que nos serán de ayuda, desde las más clásicas hasta las basadas en los diferentes modelos de innovación. La implantación, aportando las claves sobre cómo hacer realidad los objetivos marcados. Trataremos especialmente la gestión del cambio y los instrumentos vinculados a esta fase, como el cuadro de mando integral. Además, abordaremos los aspectos prácticos necesarios para tener éxito en esta tarea. Cualquier lector que estudie este libro se sentirá cómodo en un proceso de definición estratégica en su empresa, así como en su posterior implantación. |
| 506 1# - RESTRICTIONS ON ACCESS NOTE | |
| Terms governing access | Disponible solo en los productos indicados |
| Authorized users | vLex Global |
| -- | vLex Global (Academic Edition, excluding Law Schools) |
| -- | vLex Global (U.S. Academic Edition, Law Schools) |
| -- | vLex Global (U.S. Academic Edition, excluding Law Schools) |
| -- | vLex Global (Academic Edition, Law Schools) |
| 650 04 - SUBJECT ADDED ENTRY--TOPICAL TERM | |
| Topical term or geographic name as entry element | Administración (Management) |
| Geographic subdivision | Colombia |
| 740 0# - | |
| -- | vLex Libros (Servicio en línea) |
| 856 40 - LOCALIZACIÓN Y ACCESO ELECTRÓNICO | |
| Identificador Uniforme del Recurso (URI/URL) | https://vlex.com/source/estrategia-empresarial-del-diagnostico-a-la-implantacion-33442 |
| 942 ## - | |
| -- | RAA |
| 999 ## - | |
| -- | 170058 |
| -- | 170058 |
No hay ítems disponibles.